Ferien bei Freunden
Αποθηκεύτηκε σε:
| Συγγραφή απο Οργανισμό/Αρχή: | |
|---|---|
| Μορφή: | Βιβλίο |
| Γλώσσα: | German |
| Δημοσίευση: |
Berlin :
Langenscheidt,
c1993
|
| Σειρά: | Leichte Lekturen
|
| Θέματα: | |
| Ετικέτες: |
Προσθήκη ετικέτας
Δεν υπάρχουν, Καταχωρήστε ετικέτα πρώτοι!
|
MARC
| LEADER | 00000nam a2200000 i 4500 | ||
|---|---|---|---|
| 001 | 1/11925 | ||
| 008 | 000918s1993 ger d | ||
| 020 | |a 3468496869 | ||
| 035 | |l 10064017 | ||
| 040 | |a GR-MY-UA |b gre |e aacr | ||
| 041 | 0 | |a ger | |
| 082 | 0 | |a 438 | |
| 110 | 0 | |a Felix & Theo. | |
| 245 | 1 | 0 | |a Ferien bei Freunden / |c Felix & Theo |
| 260 | |a Berlin : |b Langenscheidt, |c c1993 | ||
| 300 | |a 48 p.; |b ill.; |c 18 cm | ||
| 490 | 1 | |a Leichte Lekturen | |
| 650 | 0 | 0 | |a German language |x Study and teaching. |
| 650 | 0 | 0 | |a German language |x Usage. |
| 830 | 0 | |a Leichte Lekturen | |
| 852 | |a INST |b RHODES |e 20000918 |h 438 FEL |p 005400010026 |q 005400010026 |t BK |y 0 | ||
| 909 | |a Ρ |b 028218 | ||
| 922 | |a 4ΕΛΗ |b 199406 |c ΜΠΕΡΖΑΜΑΝΗ | ||
| 970 | |z 2000/09/ΣΟΦΙΑ | ||